000 00805nam0a22002291 4500
001 rc\2630191
005 20260407130918.0
035 _a(NLR Aleph) 006793669
090 _a6170419
_c6170419
100 _a20110914d1931 |||y0rusy50 ca
101 0 _arus
102 _aRU
105 _ay z |||||
200 1 _aСборник законодательства о труде в крестьянском хозяйстве
_fСост. ст. с.-х. инспектор труда НКТ ЗСФСР Ф. Лабадзе
210 _aТифлис
_cЗНКТ
_d1931
215 _a58 с.
_d19 см.
740 1 _aСССР
_tЗаконы и постановления
_3RU\NLR\AUTH\889980004
_9456309
801 0 _aRU
_bNLR
_gpsbo
801 1 _aRU
_bELAR
_2rusmarc
852 _aNLR
_j31-8/11027
942 _cBOOK
980 _aNB